Principles of medical genetics / (Registro nro. 729)

Detalles MARC
000 -LEADER
fixed length control field 01417 am a2200385 a 4500
005 - FECHA ULTIMA MODIFICACION
control field 20231213090531.0
008 - CAMPO DE CONTROL (LIBRO)
fixed length control field 100915s1998||||xxua f |||| 001 0 eng d
020 ## - INTERNATIONAL STANDARD BOOK NUMBER
ISBN 0683034456
041 ## - CODIGO DE IDIOMA
Código de idioma del texto/pista de sonido o título separado eng
092 ## - SIGNATURA TOPOGRAFICA DEWEY LOCAL
número de clasificación 575.1
libristica 28
sección GEL
100 1# - ENTRADA PRINCIPAL--NOMBRE PERSONAL
Nombre personal Gelehrter, Thomas D..
9 (RLIN) 1470
245 ## - TITULO PROPIAMENTE DICHO
Título Principles of medical genetics /
Mención de responsabilidad y remanente de la transcripción de la portada Thomas D. Gelehrter
250 ## - MENCION DE EDICION
Mención de edición 2a ed.
260 ## - PIE DE IMPRENTA
Lugar de publicación, distribución, etc Maryland [EE.UU]:
Nombre de la editorial, distribuidor, etc Williams y Wilkins;
Fecha de publicación 1998.
300 ## - DESCRIPCION FISICA
Extension 410 p.
Otros detalles físicos il.
500 ## - NOTA GENERAL
Nota general Gelehrter, T. D. (1998). Principles of medical genetics. (2th ed.). Maryland [EE.UU] : Williams y Wilkins.
653 ## - TÉRMINO INDIZADO - PALABRAS CLAVES
Palabra clave Role of genetics in medicine
653 ## - TÉRMINO INDIZADO - PALABRAS CLAVES
Palabra clave Structure and behavior of genes and chromosomes
653 ## - TÉRMINO INDIZADO - PALABRAS CLAVES
Palabra clave Mendelian inheritance
653 ## - TÉRMINO INDIZADO - PALABRAS CLAVES
Palabra clave Population genetics and multifactorial inheritance
653 ## - TÉRMINO INDIZADO - PALABRAS CLAVES
Palabra clave Molecular genetics: gene organization, regulation, and manipulation
653 ## - TÉRMINO INDIZADO - PALABRAS CLAVES
Palabra clave Molecular genetics of human disease: hemoglobinopathies
653 ## - TÉRMINO INDIZADO - PALABRAS CLAVES
Palabra clave Biochemical and molecular genetics of human disease
653 ## - TÉRMINO INDIZADO - PALABRAS CLAVES
Palabra clave Cytogenetics
653 ## - TÉRMINO INDIZADO - PALABRAS CLAVES
Palabra clave Anatomy of the human genome: gene mapping, lonkage and positional cloning
653 ## - TÉRMINO INDIZADO - PALABRAS CLAVES
Palabra clave Human genome project
653 ## - TÉRMINO INDIZADO - PALABRAS CLAVES
Palabra clave Cancer genetics
653 ## - TÉRMINO INDIZADO - PALABRAS CLAVES
Palabra clave Clinical genetics
653 ## - TÉRMINO INDIZADO - PALABRAS CLAVES
Palabra clave Gene therapy
653 ## - TÉRMINO INDIZADO - PALABRAS CLAVES
Palabra clave Ethical considerations
700 1# - ENTRADAS SECUNDARIAS - NOMBRE PERSONAL
Nombre personal Collins, Francis S.
9 (RLIN) 1471
700 1# - ENTRADAS SECUNDARIAS - NOMBRE PERSONAL
Nombre personal Ginsburg, David.
9 (RLIN) 1472
930 ## - NUMERO DE INVENTARIO
Número de inventario 474
942 ## - ADDED ENTRY ELEMENTS (KOHA)
Source of classification or shelving scheme Dewey Decimal Classification
Item type Libros
Existencias
Estado de retiro Existencia Fuente de clasificación Estado general No para prestamo Colección Ubicación permanente ubicación actual Sala de ubicación Fecha de adquisición Total Checkouts Número de clasificación Código de barras Date last seen Date last borrowed Número de ejemplar Price effective from Koha tipo de elemento (item) Public note Coded location qualifier Total Renewals Checked out
    Dewey Decimal Classification     Reference Biblioteca Medicina Biblioteca Medicina Referencia 13/05/2011 2 575.1 28 GEL 474 10/04/2017 07/04/2017 ej.2 06/09/2011 Reference LIBRO DE CONSULTA Hemeroteca 2022      
    Dewey Decimal Classification       Biblioteca Medicina Biblioteca Medicina Referencia 24/08/2011 5 575.1 28 GEL 473 04/05/2022 04/05/2022   24/08/2011 Libros LIBRO DE CATEDRA   17 01/03/2029

UNIVERSIDAD NACIONAL DEL COMAHUE
Biblioteca de la Facultad de Ciencias Médicas
Sede Toschi: Los Arrayanes y Av. Toschi, Cipolletti  - Rio Negro
Sede Los Tordos:  Yrigoyen al 2211, Cipolletti - Rio Negro 

Teléfono: 0299 - 4774707 int 25
Contacto: biblioteca@facimed.uncoma.edu.ar
© 2011 - 2026